000 00302nam a22001097a 4500
082 _a400
100 _aShukla,Rahul
_979447
245 _aSSC एस एस सी Spelling Rules Anglo-HIndi
260 _aनई दिल्‍ली
_bGuider Compatitive Group
_c2020
650 _aGK
_979451
942 _cHIN
999 _c63062
_d63062